000 00311nam a22001337a 4500
020 _a0-439-32161-1
082 _a001
_bKEN/Q
100 _aWHISP, KENNILWORTHY
245 _aQUIDDITCH THROUGH THE AGES
260 _aNEW YORK
_bSCHOLASTIC
_c2001
300 _a56
650 _aGENERAL KNOWLEDGE
_zINDIA
942 _cBK
999 _c6649
_d6649